000
00313nam a22001337a 4500
008
170726b xxu||||| |||| 00| 0 eng d
020
_a
0835944085
041
_a
eng
080
_a
004
100
_a
30
101
_a
SHK
245
_a
MICROCOMPUTER ACCOUNTING AND BUSINESS APPLICATIONS
_c
PAGE,J
942
_2
udc
_c
BK
999
_c
21947
_d
21947